the hardy boys mystery stories 61 (Record no. 8564)

MARC details
000 -LEADER
fixed length control field 00982nam a22001937a 4500
003 - CONTROL NUMBER IDENTIFIER
control field OSt
005 - DATE AND TIME OF LATEST TRANSACTION
control field 20260302002934.0
008 - FIXED-LENGTH DATA ELEMENTS--GENERAL INFORMATION
fixed length control field 260226b |||||||| |||| 00| 0 eng d
040 ## - CATALOGING SOURCE
Original cataloging agency DWCL GS library
Transcribing agency OC
082 ## - DEWEY DECIMAL CLASSIFICATION NUMBER
Classification number Fic. D621p 2008
100 ## - MAIN ENTRY--PERSONAL NAME
Personal name Dixon, Franklin W.
245 ## - TITLE STATEMENT
Title the hardy boys mystery stories 61
Remainder of title : the pentagon spy
260 ## - PUBLICATION, DISTRIBUTION, ETC.
Place of publication, distribution, etc. New York
Name of publisher, distributor, etc. Grosset & Dunlap
Date of publication, distribution, etc. c1980
300 ## - PHYSICAL DESCRIPTION
Extent 182
Other physical details illustrations
Dimensions 19cm
520 ## - SUMMARY, ETC.
Summary, etc. In The Hardy Boys: The Pentagon Spy (#61), Frank and Joe investigate the theft of valuable Pennsylvania Dutch weather vanes, which leads them to a major espionage plot. They discover a missing Navy employee and stolen top-secret nuclear submarine plans. The brothers, often aided by friend Chet Morton, chase suspects from Pennsylvania to Washington, D.C., and Chesapeake Bay to stop foreign agents.
546 ## - LANGUAGE NOTE
Language note English
700 ## - ADDED ENTRY--PERSONAL NAME
Personal name Franklin W. Dixon
942 ## - ADDED ENTRY ELEMENTS (KOHA)
Source of classification or shelving scheme Dewey Decimal Classification
Koha item type Fiction
Classification part Fic. D621p 2008
Suppress in OPAC No
952 ## - LOCATION AND ITEM INFORMATION (KOHA)
--
Holdings
Withdrawn status Lost status Source of classification or shelving scheme Damaged status Not for loan Home library Current library Shelving location Date acquired Source of acquisition Total Checkouts Full call number Barcode Date last seen Price effective from Koha item type Uniform Resource Identifier
    Dewey Decimal Classification     Grade School Library College Library Fiction 02/26/2026 School Fund, Donation   Fic. D621p 2008 20239 02/26/2026 02/26/2026 FIC.